|
|
|
|
| LEADER |
00941nab#a2200277#ar4500 |
| 001 |
000074487 |
| 003 |
SVKKK |
| 005 |
20071204145440.0 |
| 008 |
060725c e huno |
| FMT |
|
|
|
| 038 |
|
|
|a SVKKK
|
| 040 |
|
|
|a SVKKK
|b slo
|e AACR2
|
| 041 |
0 |
|
|a hun
|
| 080 |
|
|
|a 339:061.2
|
| 242 |
1 |
0 |
|a Hornozemplínsky kruh Krajinského uhorského spolku obchodníkov
|
| 245 |
0 |
0 |
|a Az OMKE felsőzempléni köre...
|
| 500 |
|
|
|a mikrofilm
|
| 520 |
2 |
|
|a Zasadanie - výročná schôdza spojená s volbami v Michalovciach 19.04.1914 t.j. Hornozemplínsky kruh Krajinského uhorského spolku obchodníkov (OMKE).
|
| 650 |
0 |
4 |
|a Krajinský uhorský spolok obchodníkov (OMKE) (sekcia hornozemplínska) - zasadanie - Michalovce - 19.04.1914 - referáty
|
| 773 |
0 |
|
|t Felvidéki Hirlap
|g Roč. 7, č. 16 (26.04.1914) s. 2
|
| 957 |
|
|
|a Humenné
|
| 957 |
|
|
|a Michalovce
|
| 974 |
|
|
|a Ba
|d 20041220
|
| 992 |
|
|
|a RBX
|
| BAS |
|
|
|
| 998 |
|
|
|a RETRO
|